1522 1770 1413 1518 1461 1973 1167 1339 1873 1638 1607 1876 1271 1018 1008 1378 1557 1046 1626 1550 1909 1413 1749 1741 1566 1056 1769 1474 1389 1765 1720 1929 1290 1248 1539 1002 1321 1524 1167 1690 1643 1906 1678 1451 1872 1465 1358 1870 1368 1564 1917 1355 1983 1306 1143 1882 1743 1197 1166 1488 1865 1631 1346 1871 1619 1622 1001 1773 1856 1133 1075 1786 1803 1239 1632 1007 1680 1718 1138 1741 1022 1293 1339 1007 1145 1193 1155 1039 1962 1927 1005 1089 1572 1712 1395 1468 1815 1440 1828 BCNSPRNW ULIB Ver.6.0+V

เปลี่ยนเป็นภาษาไทย

Change to English
 แสดงรายละเอียดบรรณานุกรม
  กลับหน้าหลัก

Brief Record : Get Marc (ISO 2709) : E-mail record : QR code < ปิดหน้าต่าง
LEADER : 00000nas 2200000uu 4500
001    13399113769
003     ULIB
008    111227s||||||||th 000 0 tha d
022    ^a08588082
100    ^aพนิดา ชอบวณชชา
110    ^aศรีสยามการพิมพ์
245    ^aขวัญเรือน
260    ^aกรุงเทพฯ :^bศรีสยามการพิมพ์,^cม.ป.ป.
300    ^a320 หน้า
310    ^aรายปักษ์
850 ^a ULIB:campus^b
945    ^p60^l0^i800009
945    ^p60^l0^i800048
945    ^p60^l0^i800014
945    ^p60^l0^i800049
945    ^p60^l0^i800050
945    ^p60^l0^i800073
945    ^p60^l0^i800085
945    ^p60^l0^i800089
945    ^p60^l0^i800100
945    ^p60^l0^i800117
945    ^p60^l0^i800130
945    ^p60^l0^i800147
945    ^p60^l0^i800159
945    ^p60^l0^i800164
945    ^p60^l0^i800181
999 ^a ใช้งานได้ทุกระบบ
รายการนี้ยังไม่มีแท็ก
คุณยังไม่ได้ล็อกอิน คุณสามารถมีกิจกรรมร่วมกับเว็บไซต์ได้ แต่ต้องล็อกอินก่อน ::
  ล็อกอิน

รายการสื่อสารสนเทศ (วารสาร)

ดูแบบ: กล่อง รายการ
ARRIVED
no call number
สถานที่: ห้องสมุดวิทยาเขตสวรรค์ประชารักษ์ >วารสารห้องสมุดวิทยาเขตสวรรค์ประชารักษ์ >หนังสือทั่วไป
รายการใกล้เคียง
    ชื่อเรื่อง [ขวัญเรือน]

    ผู้แต่ง [พนิดา ชอบวณชชา]

BibComment


ยังไม่เคยถูกคอมเมนท์

คอมเมนท์ทรัพยากรรายการนี้
  คอมเมนท์: ขวัญเรือน


 Copyright 2026. Bcnsprnw @Library